| 000 | 00477nam a2200169Ia 4500 | ||
|---|---|---|---|
| 003 | OSt | ||
| 005 | 20260311100239.0 | ||
| 008 | 211028s2013 xx 000 0 und d | ||
| 040 | _cAIMIT LIBRARY | ||
| 041 | _aeng | ||
| 100 |
_aUllal, R Rithesh; Prabhu, Aravind. _g101731 _93821 |
||
| 110 |
_aAnnapoorna Shetty _93822 |
||
| 245 | _aAutomation of demand fullfilment and order processing / | ||
| 260 |
_aBangalore _c2013 |
||
| 710 |
_aTorus Solutions _93823 |
||
| 942 |
_2ddc _cPRO |
||
| 999 |
_c217362 _d217362 |
||